Statistics for Top 20 Iconic Football Shirts

Click here to take the quiz!

General Stats

  • This quiz has been taken 60 times
    (45 since last reset)
  • The average score is 14 of 20

Answer Stats

Answer % Correct
{Brazil} 1970 (home)
97%
{West} {Germany} 1990 (home)
93%
{England} 1966 (away)
90%
{Ajax} 1971 (home)
90%
{Netherlands} 1988 (home)
90%
{Celtic} 1967 (home)
87%
{Nigeria} 2018 (home)
80%
{Belgium} 1984 (home)
80%
{Liverpool} 1984 (home)
80%
{Colombia} 1990 (away)
80%
{Boca} {Juniors} 1981 (home)
77%
{England} 1990 (home)
70%
{Cameroon} 2002 (home)
63%
{Denmark} 1986 (away)
53%
{Arsenal} 1991 (away)
47%
{Chelsea} 1970 (home)
43%
{England} 2019 (away)
43%
{Manchester} {United} 1990 (away)
40%
{Mexico} 1978 (home)
33%
{Barcelona} 1997 (away)
23%

Score Distribution

Percentile by Number Answered

Percent of People with Each Score

Your Score History

You have not taken this quiz since the last reset